00941nam a22003017a 45000010008000000030009000080050017000170070008000340080049000420200015000910400021001060820030001271000039001572450054001962500043002502600009002932640033003023000033003353360027003683370034003953380029004295040037004586500029004956500016005246500030005406500023005707000046005930005869DO-SdBPM20250829091955.00005869160620b at 2004 xxu||||| |||| 00| 0 spa d a9706863257 aBPMSUbspcBPMSU 4a302.224 bF778c 20072221 aFournier Marcos, Celinda eautora 10aComunicación verbal /cCelinda Fournier Marcos. aEditor Luis Antonio Munguía Díaz.  b c  aMéxico:bThomson, c2007 ax, 224 páginas ;c24cm.b  atextobtxt2rdacontent asin mediación bn2rdamedia avolumen bnc2rdacarrier aBibliografía páginas 221-224 7aComunicación verbal.  7aOratoria.  7aPersuasión (Retórica) 7aArte de escuchar. 1 aMunguía Díaz, Luis Antonio, eeditor